LEADER 01119nam a2200289 a 4500 001 000000134908 003 CaOOAMICUS 005 20130715103943.0 008 130715s1997 it u000 u ita r 020 $a88-13-19975-9 040 $aPUL$bita 082 04$a346.4502 100 1 $aIrti, Natalino.$0(OLS)http://pul/name/65081 245 10$aStudi sul formalismo negoziale /$cNatalino Irti. 260 $aPadova :$bCEDAM,$c1997. 300 $aXXII, 213 p. ;$c25 cm 504 $aBibliografia in nota. 650 4$aDiritto civile$zItalia.$0(OLS)http://pul/subject/3770 650 4$aNegozi giuridici.$0(OLS)http://pul/subject/19298 850 $aPUL 852 $aPUL$W1$xSL Diritto e Scienze Sociali 3$y79$m346. 4502 IRTNA 1$j155266$qDDC 21$B154804$CPULBib$Z2$F154804 $H122673 $82 941 1 $a9 996 $6020$a88-13-19975-9$9(OLS)http://pul/number/153274 996 $6082$a346.4502$9(OLS)http://pul/classification/1796 996 $6245$aStudi sul formalismo negoziale$9(OLS)http://pul/title/170626 996 $6260$aPadova :$bCEDAM$9(OLS)http://pul/publisher/48126 LEADER 01514nam a2200301 a 4500 001 000000117931 003 CaOOAMICUS 005 20091110164953.0 008 091110t2009 it u000 u ita r 020 $a978-88-13-29259-1 040 $aPUL$bita$dReb 110 1 $aItalia.$0(OLS)http://pul/name/1188 240 10$aCodice del consumo.$0(OLS)http://pul/title/148447 245 10$aCodice del consumo :$baggiornamento. Pratiche commerciali scorrette e azione collettiva /$ca cura di Giuseppe Vettori e scritti di S. Benucci etc. 260 $aPadova :$bCEDAM,$c2009. 300 $axi, 247 p. ;$c24 cm. 490 1 $aPersona e mercato. Quaderni di orientamento sul nuovo diritto dei privati ;$v11. 504 $aBibliografia in nota. 650 4$aConsumo (diritto).$0(OLS)http://pul/subject/34336 700 1 $aVettori, Giuseppe,$d1949-$0(OLS)http://pul/name/71723 700 1 $aBenucci, S.$0(OLS)http://pul/name/73648 830 0$aPersona e mercato. Quaderni di orientamento sul nuovo diritto dei privati ;$v11.$0(OLS)http://pul/title/135196 850 $aPUL 852 $aPUL$W1$xSL Diritto e Scienze Sociali 3$y79$m348. 45 COD 1.3.4.2$j135325$qDDC 21$B134296$CPULBib$Z2$F134296 $H111147 $82 941 1 $a9 996 $6020$a978-88-13-29259-1$9(OLS)http://pul/number/142368 996 $6245$aCodice del consumo :$baggiornamento. Pratiche commerciali scorrette e azione collettiva$9(OLS)http://pul/title/148446 996 $6260$aPadova :$bCEDAM$9(OLS)http://pul/publisher/48126